00414nam a2200181Ia 4500003000400000005001700004006001900021007000300040008004100043024001000084037001200094040002000106041001300126082001900139100002300158245004200181260000900223OSt20220928145215.0a|||||r|||| 00| 0 ta220927b |||||||| |||| 00| 0 eng d a79446 cTextual aSDCLcSDCLbeng 2engaeng aV2,21y7M89, M9 aDikshit Sheila Ed. 0aJawaharlal Nehru b Centenary volume. c1989